000 00638nam a2200217Ia 4500
003 OSt
005 20260312112910.0
008 210716s2002 xx 000 0 und d
020 _a9788185015668
040 _cAIMIT LIBRARY
041 _aeng
082 _a511.3
_22
_bAPOT
100 _aApostol, Tom M.
_9258607
245 _aMathematical analysis.
250 _a2
260 _aNew Delhi
_bNarosa Publishing House
_c2002
300 _axix,500P. ;
_bPB
_c22.1 cm
650 _aElements of point set topology
_9258608
650 _aFunctions of bounded variation and rectifiable curves
_9258609
942 _2ddc
_cBK
_e1st
_k511.8 APOT.
999 _c192240
_d192240